000 01183nam a22003017a 4500
001 BD-DhSAU 8665
003 BD-DhSAU
005 20190226130802.0
008 150613b2016 bg a|||| m||| 00| 0 eng d
040 _aBD-DhSAU
082 _222
_a571.2
_bR1293
100 _aRahman, Anisur
_4ID : 3742012Y
245 _aCalcium and manganese-induced abiotic stress tolerance in Rice by coordinated action of antioxidant defense, glyoxalase system and nutrient homeostasis/
_c Anisur Rahman
_bPh. D. Thesis
260 _aJapan : Ehime University :
_bThe United Graduate School of Agricultural Sciences,
_c2016.
300 _axv , 137 p. :
_bill. ;
_c30 cm.
500 _aPh.D. thesis of the United Graduate School of Agricultural Sciences, Ehime University , Japan.
504 _aIncludes bibliographical references.
590 _akamim
650 _aAgricultural Botany
650 _aabiotic stress tolerance
650 _aRice
650 _aPlant nutrients
650 _aglyoxalase system and homeostasis
700 _aFujita, Masayuki
_dMajor Supervisor
700 _aShimasaki, Kazuhika
_dCo-supervisor
700 _aIchimura, Kazuya
_dCo-supervisor
942 _2ddc
_cPHD
999 _c13921
_d13920